Parental involvement in young people's career choices: A cross-cultural study of Vietnamese and American families.

Bewaard in:
Bibliografische gegevens
Hoofdauteur: Đỗ ,Trần Nhật Mỹ
Formaat: Boek
Taal:English
Gepubliceerd in: DHNN 2016
Onderwerpen:
Tags: Voeg label toe
Geen labels, Wees de eerste die dit record labelt!
Thư viện lưu trữ: Mạng thư viện Đại học Đà Nẵng
LEADER 00964nam a22003011a 4500
001 000041253
003 17553
005 20170417000000.0
008 170417s2016 vm 000 eng
041 |a eng 
082 |a 306.44  |b ĐÔ-M 
100 |a Đỗ ,Trần Nhật Mỹ 
245 |a Parental involvement in young people's career choices: A cross-cultural study of Vietnamese and American families.  |c Đỗ Trần Nhật Mỹ 
260 |a DHNN  |c 2016 
300 |a 74tr . : ill ; 30cm 
650 |a young people's career choices, A cross-cultural study of Vietnamese and American families. 
852 |b Chuyên đề  |c Luận văn sinh viên 2 
OWN |a LNN 
999 |a From the UDN01 
TYP |a Monograph 
TYP |a Printed language 
980 |a Mạng thư viện Đại học Đà Nẵng